Estadísticas para Países con más hispanohablantes

Haz click aquí para intentar la prueba.

Estadísticas generales

  • Esta prueba ha sido intentada 55 veces
  • La puntuación promedio es 18 de 20

Estadísticas de respuestas

# de altavocesPaises% Correcto
47,003,901Espana
100%
44,259,883Argentina
98%
48,258,494Colombia
98%
17,248,450Chile
96%
130,222,815Mexico
96%
3,343,000Paraguay
96%
29,210,000Venezuela
96%
11,204,000Guatemala
94%
3,340,000Uruguay
94%
4,468,000Costa Rica
92%
14,170,000Ecuador
92%
11,268,000Cuba
91%
6,857,000El Salvador
91%
29,797,694Peru
89%
10,090,000República Dominicana
89%
5,603,000Nicaragua
87%
10,426,154Bolivia
85%
7,876,197Honduras
85%
6,676,018Brasil
79%
52,600,000Estados Unidos de América/ USA
55%

Distribución de puntuación

Porcentaje por número respondido

Porcentaje de gente con cada puntuación

Historial de tus puntuaciones

No has intentado esta prueba.